000 00915cab a2200253 4500
001 ABS58252
008 090401t1998 xxu||||| |||| 00| 0 eng d
035 _a(Sirsi) u83600
041 _aeng
100 _aBennett, J.
245 _aNew PFI Act a reality
260 _c1998
350 _a0
490 _aSolicitors` Journal
_v142(4) 30 January 1998, 90-91(2)
520 _aReviews the Local Government (Contracts) Act 1997 which became law in December 1997. The Act applies to contracts entered into by local authorities after 12 June 1997 and is intended to remove uncertainty about the power of local authorities to enter PFI deals.
650 _aLOCAL AUTHORITIES
650 _aLOCAL GOVERNMENT (CONTRACTS) ACT 1997
650 _aPFI
650 _aPRIVATE FINANCE INITIATIVE
690 _aBUILT ENVIRONMENT-BUILDING CONTRACT FORMS
700 _aCirell, S.
942 _n0
948 _c09/02/1998
999 _c52813
_d52813